000 00669nam a22001937a 4500
999 _c9565
_d9565
003 AR-CdUCM
008 190328b ||||| |||| 00| 0 spa d
040 _aMUNICIPALIDAD PROVINCIAL DEL CUSCO
_cBIBLIOTECA MUNICIPAL DEL CUSCO
082 _a193 /
_bK44 /1934
100 _aKeyserling, Conde de
_925847
245 _aLa vida intima :
_bEnsayos proximistas /
260 _aChile :
_bPAX,
_c1934.
300 _a187 paginas ;
_c17 cm.
505 _aContenido :Salud --Propiedad --Familia --Matrimonio --Progreso --Creatividad --Razón y religión /
650 _aVida - Esencia
_925848
650 _aHombre - Espiritualidad
_925849
942 _2ddc
_cLIBROS
945 _arjall